Statystyki dla Państwa którymi rządziły te postacie

Kliknij tutaj aby rozwiązać quiz!

Ogólne statystyki

  • Ten quiz został rozwiązany 108 razy
    (97 od ostatniego zresetowania)
  • Średni wynik to 10 z 36

Statystyki odpowiedzi

Odpowiedź% Poprawnych
Korea Północna
87%
Japonia
74%
Włochy
69%
Związek Socjalistycznych Republik Radzieckich
60%
Związek Socjalistycznych Republik Radzieckich
56%
Irak
47%
Chińska Republika Ludowa
45%
Jugosławia
41%
Hiszpania
38%
Polska
36%
Rumunia
34%
Wenezuela
34%
Stany Zjednoczone Ameryki
33%
Niemcy
32%
Polska
32%
Kampucza
28%
Libia
22%
Zair
22%
Iran
21%
Chile
20%
Niemiecka Republika Demokratyczna
20%
Mongolia
19%
Czechosłowacja
16%
Argentyna
15%
Litwa
14%
Wietnam południowy
13%
Kazachstan
12%
Argentyna
8%
Polska
8%
Turcja
8%
Rosja
6%
Wenezuela
5%
Kuba
4%
Albania
2%
Bułgaria
2%
Węgry
2%

Rozkład punktacji

Percentyl według liczby udzielonych odpowiedzi

Procent ludzi z każdym wynikiem

Twoja historia wyników

Nie rozwiązałeś tego quizu od ostatniego zresetowania